00715nam a2200169Ia 4500008004100000020001800041082001600059100003300075245012900108260003000237300001000267500002700277650003300304700008600337952010500423999001700528120629s9999 xx 000 0 und d a968-426-768-1 a371.9 S199c aSánchez Escobedo, Pedro A. aCompendio de educación especial / Pedro A. Sánchez Escobedo, Mary Beatriz Cantón Mayín, Dora Esperanza Sevilla Santo aMéxico : Manual Moderno a240 p aÍndice y referencias a1. EDUCACION ESPECIAL-MEXICO aCantón Mayín,Mary Beatriz; coaut. \ Sevilla Santo, Dora Esperanza; coaut.Ì 00104070a15b15d2009-05-05l1o371.9 S199Cp15 003182r2017-12-07s2016-03-12t1w2012-06-28yLB c76583d76583